00668 a2200157 4500003000500000005001700005040000900022082001600031100001900047245005800066260003300124300001200157505029400169538002900463650001800492Nust20170207153113.0 cNust a358.3096491 aRiza , Shaukat aThe Pakistan Armyb1966-71cMaj .Gen (R) Shaukat Riza aLahorebArmy Education Press a232,p.; aThe Road to Secession (Page-1) The Pakistan Army-December 1970(Page-59) Military Action (Page-73) Search and Destroy (Page-101) Prelude to War (Page-119) The War in East Pakistan (Page-133) The War in West Pakistan (page-165) In the Winter of Our Discontent (page-211) Epilogue (Page-213)  aAlmirah No.54 Shelf No.5 aPakistan Army